LIBRARY & INFORMATION CENTRE, KCAET, TAVANUR

ONLINE PUBLIC ACCESS CATALOGUE (OPAC)

Development of automated drip fertigation system using GSM based controller (Record no. 15727)

MARC details
000 -LEADER
fixed length control field 00398nam a22001337a 4500
003 - CONTROL NUMBER IDENTIFIER
control field OSt
082 ## - DEWEY DECIMAL CLASSIFICATION NUMBER
Classification number 631.587
Item number AKH/D
088 ## - REPORT NUMBER
Report number T 460
100 ## - MAIN ENTRY--AUTHOR NAME
Personal name Akhila Shiney P
245 ## - TITLE STATEMENT
Title Development of automated drip fertigation system using GSM based controller
260 ## - PUBLICATION, DISTRIBUTION, ETC. (IMPRINT)
Place of publication Tavanur
Name of publisher Department of Soil and water conservation Engineering
Year of publication 2019
700 ## - ADDED ENTRY--PERSONAL NAME
Personal name Sajeena S (Guide)
942 ## - ADDED ENTRY ELEMENTS (KOHA)
Koha item type Theses
Holdings
Collection code Home library Current library Shelving location Full call number Accession Number Koha item type
Reference KAUAET KAUAET Reference 631.587 AKH/D T 460 Theses
free website counter